11) Moonraker Quiz - Statistics

General Stats
  • This quiz has been taken 506 times
    502 since last reset
  • The average score is 6 of 10
Answer Stats
Question Answer % Correct
What does Drax use to kill Corinne Dufour? dogs
87%
This was the final film to star which actor as M? Bernard Lee
83%
Upon their introduction, what kind of sandwich does Hugo Drax offer Bond? cucumber
64%
What is Jaws's only line of dialogue? "Well, here's to us"
60%
What confectionery was the cable that Jaws bites through actually made of? liquorice
56%
What monument did Drax purchase but was not allowed to relocate to California? the Eiffel Tower
54%
From which family of flowers is the plant that Drax uses to create his deadly toxin? orchid
51%
What movie is referenced with the tune played on the security keypad outside Drax’s lab Close Encounters of the Third Kind
50%
In the novel, who is the main female character? Gala Brand
24%
Which number Moonraker shuttle does Holly Goodhead pilot while Bond shoots the orbs? Moonraker 5
24%
No matching quizzes found
Score Distribution
Percent of People with Each Score
Percentile by Number Answered
Your Score History
You have not taken this quiz since the last reset